000 00714pam a2200229 i 4500
001 1336358
005 20180221072925.0
008 790320s1979 nyua b 000 0 eng
010 _a 79011784
020 _a044009626X
020 _a0440598311 (pbk.)
040 _aDLC
_cDLC
_dDLC
041 _aeng
080 _a301.41 SHA
082 0 0 _a301.41 SHA
100 1 _a50
101 _aSOC
245 1 4 _aThe women say, the men say :
_cby Evelyn Shapiro and Barry Shapiro.
504 _aIncludes bibliographical references.
906 _a7
_bcbc
_corignew
_d1
_eocip
_f19
_gy-gencatlg
942 _2ddc
_cBK
999 _c43056
_d43056